| 000 | 00742nam a2200241 a 4500 | ||
|---|---|---|---|
| 005 | 20210219160055.0 | ||
| 008 | 080723s1981 mx r 000 0 spa d | ||
| 020 | _a9232017520 | ||
| 035 | _aUPN01000157965 | ||
| 049 | _aUNE | ||
| 080 | _a07 (6) =40 JOU No.88 | ||
| 245 | 1 | 3 |
_aLe Journalisme rural en Afrique / _cPaul Ansah...(et al.). |
| 260 |
_aParís : _bUNESCO, _c1981. |
||
| 300 | _a35 p. | ||
| 440 | 0 |
_aÉtudes et documents d'information ; _v88 |
|
| 500 | _aIncluye bibliografía | ||
| 690 | _aPeriodismo - Prensa - Zonas rurales - Africa | ||
| 690 | _aCirculación de publicaciones periódicas - Africa | ||
| 690 | _aAfrica - Periodismo - Prensa | ||
| 700 | 1 |
_aAnsah, Paul, _ecoaut. |
|
| 710 | 2 | _aUNESCO | |
| 905 | _aUNESCO | ||
| 999 |
_c130079 _d130079 |
||